|
|
|
|
| LEADER |
00000nas a2200000 a 4500 |
| 001 |
ssj0012738 |
| 003 |
WaSeSS |
| 005 |
20200512172242.0 |
| 006 |
m d |
| 007 |
cr n |
| 008 |
990217c19919999gw qr pss 0 0eng c |
| 010 |
|
|
|a 2008233227
|
| 016 |
7 |
|
|a 013084568
|2 Uk
|
| 022 |
|
|
|a 1432-5233
|l 0940-5429
|y 0940-5429
|
| 030 |
|
|
|a ACDAEZ
|
| 035 |
|
|
|a (WaSeSS)ssj0012738
|
| 040 |
|
|
|a COO
|b eng
|c COO
|d OH1
|d OCLCQ
|d MUQ
|d OCL
|d GUA
|d VRC
|d OCLCQ
|d UKMGB
|d OCLCQ
|d OCLCO
|d OCLCQ
|d OCLCF
|d OCLCO
|d OCLCQ
|d OCLCO
|d OCLCQ
|d CASUM
|d OCLCA
|d APUMS
|d U3W
|d OCLCO
|d EZC
|d OCLCO
|d AU@
|d OCLCO
|d WYU
|d OCLCO
|d OCLCA
|d TKN
|d VT2
|d NJT
|d WaSeSS
|
| 042 |
|
|
|a pcc
|
| 050 |
1 |
4 |
|a RC660.A1
|
| 060 |
0 |
0 |
|a W1
|b AC7927
|
| 082 |
0 |
4 |
|a 616.462
|
| 130 |
0 |
|
|a Acta diabetologica (Online)
|
| 245 |
1 |
0 |
|a Acta diabetologica
|h [electronic resource].
|
| 260 |
|
|
|a Berlin :
|b Springer-Verlag
|
| 310 |
|
|
|a Quarterly
|
| 362 |
1 |
|
|a Print began with vol. 28, 2 (Oct. 1991).
|
| 506 |
|
|
|a License restrictions may limit access.
|
| 525 |
|
|
|a Supplements accompany some issues.
|
| 538 |
|
|
|a Mode of access: World Wide Web.
|
| 588 |
|
|
|a Description based on: Vol. 34, issue 1 (1997); title from journal home page (viewed Feb. 23, 1999).
|
| 588 |
|
|
|a Latest issue consulted: Vol. 44, no. 4 (Dec. 2007) (SpringerLink, viewed Jan. 23, 2008).
|
| 650 |
|
0 |
|a Diabetes
|v Periodicals.
|
| 650 |
|
6 |
|a Diabète
|v Périodiques.
|
| 650 |
|
7 |
|a Diabetes.
|2 fast
|0 (OCoLC)fst00892147
|
| 650 |
|
2 |
|a Diabetes Mellitus.
|
| 655 |
|
0 |
|a Electronic journals.
|
| 776 |
0 |
8 |
|i Print version:
|t Acta diabetologica
|x 0940-5429
|w (DLC)sn 91033621
|w (OCoLC)25007351
|
| 780 |
0 |
0 |
|t Acta diabetologica latina (Online)
|
| 856 |
4 |
0 |
|z Full text available from Research Library: 04/01/2002 to 01/31/2019
|u https://search.proquest.com/publication/49275
|